000 00551 a2200205 4500
005 20260313120912.0
008 260312b |||||||| |||| 00| 0 eng d
020 _a9781718207905
_c$ 39.95
040 _aMAIN
082 _a658.8
_bT215Y
100 _aTaylor, Ava
245 _aYour yoga business: Tools and techniques for success
260 _b‎ Human Kinetics
_c2024
_aChampaign
300 _axiv, 239
650 _aManagement
650 _aGeneral Management
650 _aMarketing
650 _aBusiness Development
942 _cBK
999 _c396222
_d396222